| 000 | 00627nam a22002177a 4500 | ||
|---|---|---|---|
| 003 | OSt | ||
| 005 | 20251107151632.0 | ||
| 008 | 251107b |||||||| |||| 00| 0 eng d | ||
| 020 | _a9781462553921 | ||
| 040 | _cNLM | ||
| 082 | _aWM171M66w 2025 | ||
| 100 |
_aWilliams, Mark; [et...al] _919509 |
||
| 245 | _aThe Mindful Way Through Depression: freeing yourself from chronic unhappiness | ||
| 250 | _a2nd ed. | ||
| 260 |
_aNew York; _bThe Guilford Press, _c2025 |
||
| 300 | _aviii,262p.;Ill: 23cm | ||
| 504 | _aNotes, & Index included | ||
| 650 |
_aDepression _919510 |
||
| 650 |
_aMental health _93237 |
||
| 942 |
_2z _cO_SHELF |
||
| 999 |
_c9588 _d9588 |
||